000 00655nam a2200181Ia 4500
008 100920s9999 xx 000 0 und d
082 _b83704
_a891.43 थ 59
100 _aबच्चन हरिवंश राय.
245 _aओथेलो का पद्य अनुवाद.
260 _bराजपाल एण्ड सन्स , दिल्ली.
_c1959
300 _a232
_bसाधी
365 _b3.5
520 _aहिंदी.
630 _aओथेलो का पद्य अनुवाद.
650 _aहिंदी.
730 _aओथेलो का पद्य अनुवाद.
942 _cBOOK
999 _c724314
_d724311